[Event "Durban Ethekwini op"]
[Site "Durban"]
[Date "2017.03.21"]
[Round "7"]
[White "Kharwa, Suleman"]
[Black "Pather, Cayden"]
[Result "0-1"]
[WhiteElo "1000"]
[BlackElo "1280"]
[PlyCount "88"]
[EventDate "2017.03.18"]
[EventType "swiss"]
[EventRounds "7"]
[EventCountry "RSA"]
[SourceTitle "CBM 177 Extra"]
[Source "ChessBase"]
[SourceDate "2017.04.27"]
[SourceVersion "1"]
[SourceVersionDate "2017.04.27"]
[SourceQuality "1"]

1. e4 c5 2. Nc3 e6 3. Nf3 a6 4. g3 Nc6 5. Bg2 g6 6. d3 Bg7 7. Ne2 Nge7 8. c3 d5 9. 0-0 0-0 10. Ne1 dxe4 11. Bxe4 e5 12. Bg5 Qb6 13. Qd2 Bf5 14. Bxe7 Nxe7 15. Bxf5 Nxf5 16. Nc2 Rad8 17. b4 c4 18. d4 exd4 19. cxd4 Nxd4 20. Nexd4 Bxd4 21. Nxd4 Qxd4 22. Qe3 c3 23. Rfc1 Qxe3 24. fxe3 Rd3 25. Kf2 Re8 26. Re1 Re4 27. a3 Rc4 28. Re2 c2 29. Rc1 Rxa3 30. Rcxc2 Rxb4 31. Rcd2 Rab3 32. h4 a5 33. Rd4 a4 34. Rxb4 Rxb4 35. Kf3 a3 36. Ra2 Ra4 37. Ke2 Kg7 38. Kd3 Kf6 39. Kc3 Ke5 40. Kd3 Kf5 41. Rg2 a2 42. e4+ Ke5 43. Rc2 a1Q 44. Rc5+ Ke6 0-1

[Event "Durban Ethekwini op"]
[Site "Durban"]
[Date "2017.03.20"]
[Round "6"]
[White "Chetty, Cailin"]
[Black "Kharwa, Suleman"]
[Result "1-0"]
[WhiteElo "1754"]
[BlackElo "1000"]
[PlyCount "79"]
[EventDate "2017.03.18"]
[EventType "swiss"]
[EventRounds "7"]
[EventCountry "RSA"]
[SourceTitle "CBM 177 Extra"]
[Source "ChessBase"]
[SourceDate "2017.04.27"]
[SourceVersion "1"]
[SourceVersionDate "2017.04.27"]
[SourceQuality "1"]

1. e4 Nc6 2. d4 d6 3. Be3 g6 4. Qd2 a6 5. Nc3 Bg7 6. f3 h6 7. 0-0-0 b5 8. Nge2 e6 9. h4 Bf6 10. g3 Bd7 11. f4 Be7 12. Ng1 Na5 13. Nf3 b4 14. Nb1 Nf6 15. e5 Ne4 16. Qxb4 c5 17. dxc5 d5 18. Bd3 Rb8 19. Qa3 Qc7 20. Bxe4 Nc4 21. Qc3 Nxb2 22. Bd3 Qb7 23. Kd2 Nxd1 24. Rxd1 0-0 25. Ke2 Rfc8 26. Nbd2 Qc7 27. Nb3 Bb5 28. h5 Bxd3+ 29. Qxd3 f5 30. exf6 Bxf6 31. Qxg6+ Qg7 32. Qxg7+ Bxg7 33. Nfd4 Re8 34. Kd3 e5 35. fxe5 Rxe5 36. Bf4 Rxb3+ 37. axb3 Rxh5 38. Ne6 Bf6 39. c6 d4 40. c7 1-0